Normal view
MARC view
- Enss, Chris,
Entry Personal Name
001 - CONTROL NUMBER
- control field: 95090
003 - CONTROL NUMBER IDENTIFIER
- control field: NUST
005 - DATE AND TIME OF LATEST TRANSACTION
- control field: 20220725203333.0
008 - FIXED-LENGTH DATA ELEMENTS
- fixed length control field: 220725|| aca||aabn | a|a d
040 ## - CATALOGING SOURCE
- Original cataloging agency: NUST
- Transcribing agency: NUST
100 ## - HEADING--PERSONAL NAME
- Personal name: Enss, Chris,
- Dates associated with a name: 1961-
670 ## - SOURCE DATA FOUND
- Source citation: Work cat.: (NUST)0: Enss, Chris, 1961- author., Principles of posse management :
